header

Methods in bioengineering (Record no. 208839)

MARC details
000 -LEADER
fixed length control field 01315nam a2200325Ia 4500
245 00 - TITLE STATEMENT
Title Methods in bioengineering
260 ## - PUBLICATION, DISTRIBUTION, ETC. (IMPRINT)
Place of publication Boston, Mass. ;
-- London :
Name of publisher Artech House,
Year of publication 2010.
300 ## - PHYSICAL DESCRIPTION
Number of Pages xiv, 352 p. :
Other physical details ill. (some col.).
490 1# - SERIES STATEMENT
Series statement Methods in bioengineering series
650 #0 - SUBJECT ADDED ENTRY--TOPICAL TERM
Topical Term Bioengineering
Topical Term Microfabrication.
Topical Term Microfluidics.
700 1# - ADDED ENTRY--PERSONAL NAME
Personal name Zahn, Jeffrey D.
856 40 - ELECTRONIC LOCATION AND ACCESS
Uniform Resource Identifier http://site.ebrary.com/lib/rucke/Doc?id=10359002

No items available.

© 2026 Rongo University
Contact us: librarian | system librarian | Rongo university